Statistics for Biggest Cities By Letter - H

Click here to take the quiz!

General Stats

  • This quiz has been taken 172 times
  • The average score is 11 of 20

Answer Stats

PopulationCountryCity% Correct
2,533,000VietnamHanoi
97%
1,159,000FinlandHelsinki
97%
8,764,000VietnamHo Chi Minh City
92%
5,485,000United StatesHouston
92%
1,796,000GermanyHamburg
90%
2,112,000CubaHavana
90%
1,619,000ZimbabweHarrare
86%
2,850,000PakistanHyderabad
68%
8,206,000IndiaHyderabad
68%
1,325,000JapanHiroshima
55%
7,162,000ChinaHong Kong
55%
6,559,000ChinaHangzhou
54%
4,543,000ChinaHarbin
40%
3,523,000ChinaHefei
23%
1,988,000ChinaHohhot
12%
1,600,000ChinaHaikou
10%
1,175,000AngolaHuambo
10%
1,387,000ChinaHuizhou
9%
1,728,000ChinaHandan
4%
1,856,000ChinaHuaiyin
1%

Score Distribution

Percentile by Number Answered

Percent of People with Each Score

Your Score History

You have not taken this quiz